[Event "BEL-chT 0708"]
[Site "Belgium"]
[Date "2008.01.20"]
[Round "7.6"]
[White "Bolzoni, Victor Angel"]
[Black "Kaufeld, Juergen"]
[Result "1-0"]
[WhiteElo "2227"]
[BlackElo "2283"]
[PlyCount "43"]
[EventDate "2007.09.30"]
[EventType "team-tourn"]
[EventRounds "11"]
[EventCountry "BEL"]
[SourceTitle "EXT 2009"]
[Source "ChessBase"]
[SourceDate "2008.11.26"]
[SourceVersion "1"]
[SourceVersionDate "2008.11.26"]
[SourceQuality "1"]
[WhiteTeam "Namur"]
[BlackTeam "KSK47 Eynatten"]
[WhiteTeamCountry "BEL"]
[BlackTeamCountry "BEL"]

1. e4 c5 2. Nf3 e6 3. d4 cxd4 4. Nxd4 Nc6 5. Bc4 Nf6 6. Nc3 Bb4 7. Nxc6 bxc6 8. e5 Qa5 9. Qd4 Nd5 10. Bd2 Nxc3 11. bxc3 Be7 12. 0-0 f6 13. Rae1 fxe5 14. Rxe5 Qb6 15. Qg4 0-0 16. Bd3 Ba6 17. c4 Rf7 18. Rh5 g6 19. Bc3 Bf6 20. Bxg6 hxg6 21. Qxg6+ Bg7 22. Rh7 1-0

[Event "BEL-chT 0708"]
[Site "Belgium"]
[Date "2008.01.06"]
[Round "6.8"]
[White "Renette, Hans"]
[Black "Bolzoni, Victor Angel"]
[Result "1/2-1/2"]
[WhiteElo "2270"]
[BlackElo "2227"]
[PlyCount "33"]
[EventDate "2007.09.30"]
[EventType "team-tourn"]
[EventRounds "11"]
[EventCountry "BEL"]
[SourceTitle "EXT 2009"]
[Source "ChessBase"]
[SourceDate "2008.11.26"]
[SourceVersion "1"]
[SourceVersionDate "2008.11.26"]
[SourceQuality "1"]
[WhiteTeam "Liege Crelel"]
[BlackTeam "Namur"]
[WhiteTeamCountry "BEL"]
[BlackTeamCountry "BEL"]

1. d4 Nf6 2. c4 e6 3. Nc3 Bb4 4. Qc2 c5 5. dxc5 0-0 6. a3 Bxc5 7. Nf3 d5 8. cxd5 exd5 9. Bg5 Qb6 10. e3 Bf5 11. Qxf5 Qxb2 12. Bxf6 Qxa1+ 13. Kd2 Qb2+ 14. Kd1 Qb3+ 15. Kd2 Qb2+ 16. Kd1 Qb3+ 17. Kd2 1/2-1/2